000 01404nac a22003491i 4500
003 EG-ScBUE
005 20250515095851.0
008 250326s2004 ii a f 001 0 eng d
020 _a007058897X
040 _aEG-ScBUE
_beng
_erda
_cEG-ScBUE
_dEG-ScBUE
082 0 4 _a510.2855369
_bDON
_222
100 1 _aDon, Eugene,
_eauthor.
245 1 0 _aSchaum's outline of theory and problems of mathematica /
_cEugene Don, professor of mathematics, Queens College, CUNY.
246 3 0 _aTheory and problems of mathematica
246 3 0 _aMathematica
250 _aTata McGraw-Hill edition.
250 _aSecond reprint.
264 1 _aNew Delhi :
_bTata McGraw-Hill Publishing Company Limited,
_c2004.
300 _aviii, 342 pages :
_billustrations ;
_c28 cm.
336 _2rdacontent
_atext
_btxt
337 _aunmediated
_2rdamedia
_bn
338 _avolume
_bnc
_2rdacarrier
490 0 _aSchaum's outline series
500 _aIncludes index.
500 _aIncludes appendix.
650 7 _aMathematics
_xData processing
_vProblems, exercises, etc.
_2BUEsh
655 _vReading book
856 4 2 _3Contributor biographical information
_uhttp://www.loc.gov/catdir/bios/mh041/00062181.html
856 4 2 _3Publisher description
_uhttp://www.loc.gov/catdir/description/mh021/00062181.html
856 4 2 _3Table of contents
_uhttp://www.loc.gov/catdir/toc/mh021/00062181.html
942 _cBB
_2ddc
999 _c1228
_d1228